000 00291nam a22001337a 4500
003 SGT
082 _a616.462
_bD13P
100 _aPANJA, MANOTOSH
245 _aDIABETES AND HEART IN INDIA
250 _a1ST
260 _bDIABETES AND HEART IN INDIA
_c2013
300 _a224
942 _2ddc
_cBK
999 _c14062
_d14062